LEADER 01099nam a2200253 u 4500 001 000000011088 003 CaOOAMICUS 005 20070226105404.0 008 940711s1939 it u000 u ita u 035 $a10273542 040 $aPUL(R)$bita 100 1 $aCicu, Antonio,$d1879-1962.$0(OLS)http://pul/name/2813 245 13$aLa filiazione :$bGli alimenti (a cura della redazione) /$cAntonio Cicu. 260 $aTorino :$bUnione tipografico-editrice torinese,$c1939. 300 $a345 p. ;$c25 cm 490 1 $aTrattato di diritto civile italiano ;$v3,2 504 $aBibliografia in nota. 650 4$aFiliazione (diritto).$0(OLS)http://pul/subject/8589 830 0$aTrattato di diritto civile italiano ;$v3,2.$0(OLS)http://pul/title/6361 850 $aPUL 852 $aPUL$W1$xDP2 Diritto e Scienze Sociali 1$y65$m173 D 17$j15702$nBK-PRI$qStampati$B15702$CPULBib$Z2$F15702 $82 941 1 $a8 996 $6245$aLa filiazione :$bGli alimenti (a cura della redazione)$9(OLS)http://pul/title/16120 996 $6260$aTorino :$bUnione tipografico-editrice torinese$9(OLS)http://pul/publisher/48298 LEADER 01341nam a2200313 a 4500 001 000000172704 003 CaOOAMICUS 005 20190930145300.0 008 190930s2019 it u000 u ita r 020 $a978-88-394-0938-6* 032 $aLibriCat 040 $aPUL$bita 041 1 $aita$heng 100 1 $aNeyrey, Jerome H.$0(OLS)http://pul/name/13815 240 10$aHonor and shame in the gospel of Matthew$bItaliano.$0(OLS)http://pul/title/213697 245 10$aOnore e vergogna nel Vangelo di Matteo / $cJerome H. Neyrey. 260 $aBrescia :$bPaideia,$cİ2019. 300 $a350 p. ;$c23 cm 490 1 $aIntroduzione allo studio della Bibbia. Supplementi ;$v76 504 $aBibliografia in nota. 630 04$aBiblia.$pN.T.$pMatthaeus$xCritica e interpretazione.$0(OLS)http://pul/subject/37789 830 0$aIntroduzione allo studio della Bibbia.$pSupplementi ;$v76.$0(OLS)http://pul/title/41883 850 $aPUL 852 $aPUL$W1$xSL Religione 1$y3$m1 C 112.76$j196649$qStampati$B201423$CPULBib$Z2$F201423 $H133562 $82 941 1 $a8 996 $6020$a978-88-394-0938-6*$9(OLS)http://pul/number/166762 996 $6245$aOnore e vergogna nel Vangelo di Matteo / $9(OLS)http://pul/title/213698 996 $6260$aBrescia :$bPaideia$9(OLS)http://pul/publisher/47884